000 01167cab a2200301 4500
001 ABS58436
008 090401t1998 xxu||||| |||| 00| 0 eng d
035 _a(Sirsi) u84929
041 _aeng
245 4 _aThe environmental agenda for 1998
260 _c1998
350 _a0
490 _aEnvironment Information Bulletin
_v(75) January 1998, 13-16(4)
520 _aSome key environment commentators from organisations like the CBI and The Environment Agency, give their views on environmental issues for 1998 such as environmental risk assessment, EU enlargement, environmental management system standards, and pollution prevention and list their own set of environmental priorities for the next 12 months.
650 _a1998
650 _aACTION PLAN
650 _aCBI
650 _aENGINEERING EMPLOYERS FEDERATION
650 _aENVIRONMENT AGENCY
650 _aENVIRONMENTAL ISSUES
650 _aENVIRONMENTAL MANAGEMENT SYSTEMS
650 _aENVIRONMENTAL RISK ASSESSMENT
650 _aINSTITUTE FOR EUROPEAN ENVIRONMENTAL POLICY
650 _aNSCA
690 _aENVIRONMENTAL AND LAND CONSULTANCY
942 _n0
948 _c17/03/1998
999 _c53399
_d53399